Revista del Foro

Detalles Bibliográficos
Formato: eBook
Lenguaje:español
Publicado: Lima: Colegio de Abogados de Lima, 2012 -
Materias:
Acceso en línea:Acceso restringido

MARC

LEADER 00000nam a22000007a 4500
005 20191018232512.0
007 cr|||| ||||
008 191018s20129999pe ar|w s|||| 0|||b1spa d
035 |a 23150 
040 |a vLex 
090 |c 9929  |d 9929 
245 0 0 |a Revista del Foro  |h [Recurso electrn̤ico] / 
256 |a Servicio en ln̕ea 
260 |a Lima:  |b Colegio de Abogados de Lima,  |c 2012 - 
300 |a 1 recurso electrn̤ico 
310 |a Anual 
506 1 |a Disponible solo en los productos indicados  |d vLex Global  |d vLex Global (Academic Edition, excluding Law Schools)  |d vLex Global (U.S. Academic Edition, Law Schools)  |d vLex Global (U.S. Academic Edition, excluding Law Schools)  |d vLex Global (Academic Edition, Law Schools) 
650 0 4 |a Derecho Civil  |z Per︢ 
650 0 4 |a Derecho Pb︢lico y Administrativo  |z Per︢ 
740 0 |a vLex Revistas (Servicio en ln̕ea) 
856 4 0 |u http://vlex.com/source/23150  |z Acceso restringido 
942 |c REV 
999 0 |a Civil Law 
999 0 |a Public and Administrative Law